| 000 | 01439nam a2200349 a 4500 | ||
|---|---|---|---|
| 001 | ebr10179760 | ||
| 003 | CaPaEBR | ||
| 006 | m u | ||
| 007 | cr cn||||||||| | ||
| 008 | 060501s2007 iluak sb 001 0 eng | ||
| 010 | _z 2006013191 | ||
| 020 | _z0838909205 | ||
| 020 | _z9780838909201 | ||
| 040 |
_aCaPaEBR _cCaPaEBR |
||
| 035 | _a(OCoLC)567444346 | ||
| 050 | 1 | 4 |
_aZ678.93.S6 _bB65 2007eb |
| 082 | 0 | 4 |
_a025.00285 _222 |
| 100 | 1 | _aBolan, Kimberly. | |
| 245 | 1 | 0 |
_aTechnology made simple _h[electronic resource] : _ban improvement guide for small and medium libraries / _cKimberly Bolan and Robert Cullin. |
| 260 |
_aChicago : _bAmerican Library Association, _c2007. |
||
| 300 |
_aix, 213 p. : _bill., forms. |
||
| 504 | _aIncludes bibliographical references (p. 171-182) and index. | ||
| 533 |
_aElectronic reproduction. _bPalo Alto, Calif. : _cebrary, _d2013. _nAvailable via World Wide Web. _nAccess may be limited to ebrary affiliated libraries. |
||
| 650 | 0 |
_aSmall libraries _xAutomation _xPlanning. |
|
| 650 | 0 |
_aSmall libraries _xInformation technology _xPlanning. |
|
| 650 | 0 |
_aLibraries _xAutomation _xPlanning. |
|
| 650 | 0 |
_aLibraries _xInformation technology _xPlanning. |
|
| 655 | 7 |
_aElectronic books. _2local |
|
| 700 | 1 | _aCullin, Robert. | |
| 710 | 2 | _aebrary, Inc. | |
| 856 | 4 | 0 |
_uhttp://site.ebrary.com/lib/rucke/Doc?id=10179760 _zAn electronic book accessible through the World Wide Web; click to view |
| 999 |
_c240101 _d240101 |
||